[Event "Prague Summer op-B 9th"]
[Site "Prague"]
[Date "2022.08.07"]
[Round "3"]
[White "Sainov, Sanzhar"]
[Black "Palka, Dominika"]
[Result "1-0"]
[WhiteElo "1464"]
[BlackElo "1774"]
[PlyCount "53"]
[EventDate "2022.08.05"]
[EventType "swiss"]
[EventRounds "9"]
[EventCountry "CZE"]
[SourceTitle "EXT 2023"]
[Source "ChessBase"]
[SourceDate "2022.10.05"]
[SourceVersion "1"]
[SourceVersionDate "2022.10.05"]
[SourceQuality "1"]

1. e4 e5 2. Nf3 Nc6 3. d4 exd4 4. Bc4 Nf6 5. 0-0 Bc5 6. e5 d5 7. exf6 dxc4 8. fxg7 Rg8 9. Re1+ Be6 10. Bg5 Be7 11. Bxe7 Qxe7 12. Nxd4 0-0-0 13. Nxc6 bxc6 14. Qf3 Rxg7 15. Nc3 Qc5 16. b4 cxb3 17. axb3 Bg4 18. Qf6 Rg6 19. Ne4 Qd5 20. Qf4 Bh3 21. Rxa7 Rd7 22. c4 Qd1 23. Rxc7+ Kd8 24. Rxd7+ Qxd7 25. Nc5 Rxg2+ 26. Kh1 Qf5 27. Qd6+ 1-0

[Event "Warsaw YMCA Spring-B 168th"]
[Site "Warsaw"]
[Date "2016.06.21"]
[Round "12"]
[White "Palka, Dominika"]
[Black "Pajak, Jakub Lech"]
[Result "0-1"]
[WhiteElo "1757"]
[BlackElo "1811"]
[PlyCount "62"]
[EventDate "2016.04.07"]
[EventType "tourn"]
[EventRounds "13"]
[EventCountry "POL"]
[SourceTitle "EXT 2019"]
[Source "ChessBase"]
[SourceDate "2018.10.10"]
[SourceVersion "1"]
[SourceVersionDate "2018.10.10"]
[SourceQuality "1"]

1. d4 d6 2. Nf3 g6 3. c4 Bg7 4. Nc3 Bg4 5. h3 Bxf3 6. exf3 Nd7 7. Be3 e5 8. dxe5 Nxe5 9. Be2 Ne7 10. f4 N5c6 11. g4 Qd7 12. Qd2 f5 13. f3 0-0-0 14. Nd5 Kb8 15. 0-0-0 Rhe8 16. Rhe1 Nc8 17. Bf2 Nb6 18. Qc2 Qf7 19. Kb1 Re6 20. Nxb6 axb6 21. c5 bxc5 22. Bc4 d5 23. Bb5 Nd4 24. Qxc5 b6 25. Qb4 Nxf3 26. Rxe6 Qxe6 27. Qa3 Qe4+ 28. Rd3 Nd2+ 29. Kc1 Nc4 30. Qa6 Qxd3 31. Bc6 Bxb2# 0-1

[Event "Warsaw YMCA Spring-B 168th"]
[Site "Warsaw"]
[Date "2016.06.17"]
[Round "11"]
[White "Chomiuk, Lukasz"]
[Black "Palka, Dominika"]
[Result "1-0"]
[WhiteElo "1828"]
[BlackElo "1757"]
[PlyCount "87"]
[EventDate "2016.04.07"]
[EventType "tourn"]
[EventRounds "13"]
[EventCountry "POL"]
[SourceTitle "EXT 2019"]
[Source "ChessBase"]
[SourceDate "2018.10.10"]
[SourceVersion "1"]
[SourceVersionDate "2018.10.10"]
[SourceQuality "1"]

1. d4 Nf6 2. Nf3 d6 3. c4 g6 4. Nc3 Bg7 5. Bf4 0-0 6. e3 c5 7. dxc5 dxc5 8. Bxb8 Qxd1+ 9. Rxd1 Rxb8 10. Be2 b6 11. 0-0 Bb7 12. Ne5 Rfd8 13. Bf3 Bxf3 14. Nxf3 Ne8 15. Rxd8 Rxd8 16. Rd1 Rxd1+ 17. Nxd1 Nd6 18. b3 Ne4 19. Kf1 Kf8 20. Ke2 Ke8 21. Nd2 Nd6 22. Kd3 Kd7 23. e4 Kc6 24. Ne3 e6 25. f4 e5 26. f5 gxf5 27. Nxf5 Bf6 28. Nxd6 Kxd6 29. g4 Ke6 30. Nf3 Kd6 31. Ke3 Ke6 32. h4 h6 33. Kf2 Kd6 34. Kg3 a6 35. g5 hxg5 36. Nxg5 Ke7 37. Kg4 b5 38. Kf5 bxc4 39. bxc4 Bg7 40. h5 a5 41. a4 f6 42. Ne6 Bh6 43. Nxc5 Kf7 44. Nb3 1-0

[Event "Warsaw YMCA Winter 149th"]
[Site "Warsaw"]
[Date "2015.03.25"]
[Round "12"]
[White "Kokoszczynski, Jan"]
[Black "Palka, Dominika"]
[Result "1/2-1/2"]
[WhiteElo "1765"]
[BlackElo "1752"]
[PlyCount "117"]
[EventDate "2015.01.07"]
[EventType "tourn"]
[EventRounds "13"]
[EventCountry "POL"]
[SourceTitle "EXT 2019"]
[Source "ChessBase"]
[SourceDate "2018.10.10"]
[SourceVersion "1"]
[SourceVersionDate "2018.10.10"]
[SourceQuality "1"]

1. e4 e5 2. Nf3 Nc6 3. Bc4 Nf6 4. Ng5 d5 5. exd5 Na5 6. Bb5+ c6 7. dxc6 bxc6 8. Qf3 cxb5 9. Qxa8 Qc7 10. Qf3 Bb7 11. Qc3 Nc4 12. b3 Nd5 13. Qg3 Nf4 14. bxc4 Qxc4 15. d3 Qd4 16. c3 Nxd3+ 17. Kd2 Bb4 18. Qxd3 Qxf2+ 19. Qe2 Qd4+ 20. Kc2 Qc5 21. Ba3 Bxa3 22. Nxa3 0-0 23. Nxb5 a6 24. Rab1 Rc8 25. Ne4 Qd5 26. Nbd6 Qxa2+ 27. Rb2 Qa4+ 28. Kb1 Bd5 29. Nf6+ gxf6 30. Nxc8 Be4+ 31. Kc1 Qa1+ 32. Kd2 Qxb2+ 33. Ke3 Qxc3+ 34. Kf2 Qc5+ 35. Kg3 Bf5 36. Ra1 Qc3+ 37. Qf3 Qxa1 38. Qxf5 Qe1+ 39. Kh3 Qe3+ 40. Kh4 Qh6+ 41. Kg3 Qe3+ 42. Qf3 Qg5+ 43. Qg4 a5 44. Nb6 Kf8 45. Qxg5 fxg5 46. Nd7+ Ke7 47. Nxe5 a4 48. Nc4 f5 49. h4 h6 50. Kf3 Ke6 51. Ke3 Kf6 52. h5 Ke6 53. g3 Kf6 54. Na3 Ke5 55. Nc4+ Kf6 56. Kd4 Ke6 57. Ke3 Kf6 58. Na3 Ke5 59. Nc4+ 1/2-1/2

[Event "Warsaw YMCA Winter 149th"]
[Site "Warsaw"]
[Date "2015.03.18"]
[Round "11"]
[White "Prus, Marek"]
[Black "Palka, Dominika"]
[Result "1/2-1/2"]
[WhiteElo "1656"]
[BlackElo "1752"]
[PlyCount "51"]
[EventDate "2015.01.07"]
[EventType "tourn"]
[EventRounds "13"]
[EventCountry "POL"]
[SourceTitle "EXT 2019"]
[Source "ChessBase"]
[SourceDate "2018.10.10"]
[SourceVersion "1"]
[SourceVersionDate "2018.10.10"]
[SourceQuality "1"]

1. e4 e5 2. Nf3 Nc6 3. Bb5 a6 4. Ba4 d6 5. 0-0 g6 6. d4 Bd7 7. Re1 Bg7 8. c3 b5 9. Bb3 Nf6 10. Nbd2 0-0 11. Nf1 exd4 12. cxd4 Bg4 13. Ng3 Na5 14. h3 Nxb3 15. Qxb3 Be6 16. d5 Bc8 17. Nd4 Bb7 18. Bg5 Qd7 19. Rad1 Rfe8 20. Qf3 Qd8 21. Nc6 Bxc6 22. dxc6 h6 23. Be3 Nh7 24. Bd4 Bxd4 25. Rxd4 Qf6 26. Qxf6 1/2-1/2

[Event "POL-chT 2nd League"]
[Site "Szczyrk"]
[Date "2014.09.09"]
[Round "4.30"]
[White "Palka, Dominika"]
[Black "Bednarska, Malgorzata"]
[Result "0-1"]
[WhiteElo "1775"]
[BlackElo "2049"]
[PlyCount "144"]
[EventDate "2014.09.06"]
[EventType "team-swiss"]
[EventRounds "9"]
[EventCountry "POL"]
[SourceTitle "EXT 2015"]
[Source "ChessBase"]
[SourceDate "2014.11.20"]
[SourceVersion "1"]
[SourceVersionDate "2014.11.20"]
[SourceQuality "1"]
[WhiteTeam "Wroclaw AZS Politechnika"]
[BlackTeam "Warszawa YMCA"]
[WhiteTeamCountry "POL"]
[BlackTeamCountry "POL"]

1. d4 Nf6 2. Nf3 g6 3. Bf4 Bg7 4. e3 0-0 5. h3 c5 6. c3 b6 7. Be2 Bb7 8. Nbd2 d6 9. 0-0 Nbd7 10. a4 Bc6 11. Bb5 Qc8 12. Qe2 a6 13. Bxc6 Qxc6 14. e4 b5 15. axb5 axb5 16. Rfe1 Rfc8 17. Nf1 Rxa1 18. Rxa1 Qxe4 19. Qd2 Qb7 20. Bh6 Ra8 21. Rxa8+ Qxa8 22. Bxg7 Kxg7 23. Qe2 Ne4 24. Qxb5 Ndf6 25. dxc5 dxc5 26. Qc4 Qa1 27. Qe2 Qb1 28. Kh2 e6 29. Ne5 Qc1 30. Nd3 Qg5 31. f3 Nd6 32. Ng3 c4 33. Ne5 Qf4 34. Ng4 Nd7 35. Qe3 Qxe3 36. Nxe3 Nc5 37. Kg1 Nd3 38. Nd1 Kf6 39. Kf1 Ke5 40. Ne2 Kd5 41. Nd4 e5 42. Ne3+ Kc5 43. Ndc2 Nxb2 44. Ke2 f5 45. g4 Nd3 46. gxf5 Nf4+ 47. Kf2 gxf5 48. h4 Nd5 49. h5 Nf6 50. h6 Ng8 51. f4 exf4 52. Ng2 Nxh6 53. Kf3 Ng4 54. Kxf4 Nf6 55. Nge3 Nd5+ 56. Ke5 Nxe3 57. Nxe3 h5 58. Ng2 Ne4 59. Kxf5 Nxc3 60. Ne3 Nd5 61. Nxc4 Kxc4 62. Kg5 Nf6 63. Kh4 Kd4 64. Kh3 Ke3 65. Kh4 Kf4 66. Kh3 Kg5 67. Kh2 Kg4 68. Kg2 Nd5 69. Kh2 Nf4 70. Kg1 Kg3 71. Kh1 Nd3 72. Kg1 Nf2 0-1

[Event "POL-chT3 Kujawsko Pomorskie 1314"]
[Site "Poland"]
[Date "2013.??.??"]
[Round "2.15"]
[White "Kielpinska, Joanna"]
[Black "Palka, Dominika"]
[Result "0-1"]
[WhiteElo "1400"]
[BlackElo "1794"]
[PlyCount "70"]
[EventDate "2013.11.03"]
[EventType "team-tourn"]
[EventRounds "11"]
[EventCountry "POL"]
[SourceTitle "EXT 2015"]
[Source "ChessBase"]
[SourceDate "2014.11.20"]
[SourceVersion "1"]
[SourceVersionDate "2014.11.20"]
[SourceQuality "1"]
[WhiteTeam "Bydgoszcz UKS MDK nr 5"]
[BlackTeam "Torun Torfarm 64"]
[WhiteTeamCountry "POL"]
[BlackTeamCountry "POL"]

1. c4 Nf6 2. Nc3 g6 3. Nf3 Bg7 4. g3 0-0 5. Bg2 d6 6. d3 Nbd7 7. 0-0 c6 8. Re1 e5 9. Bg5 h6 10. Bd2 Qe7 11. e4 Ne8 12. Qc2 f5 13. a3 f4 14. b4 g5 15. Ne2 g4 16. Nh4 f3 17. Nf5 Qf6 18. Nxg7 fxg2 19. Nf5 Ng7 20. Nxh6+ Kh8 21. Nxg4 Qf3 22. h3 Nc5 23. Be3 Bxg4 24. hxg4 Nce6 25. Nc3 Qxg4 26. Kxg2 Nf4+ 27. Bxf4 exf4 28. Rh1+ Nh5 29. Rh3 f3+ 30. Kh2 Kg7 31. Re1 Nf4 32. Rh4 Rh8 33. Rh1 Rxh4+ 34. Kg1 Rxh1+ 35. Kxh1 Qh3+ 0-1

[Event "Warsaw YMCA 98th Autumn-C"]
[Site "Warsaw"]
[Date "2011.12.20"]
[Round "13"]
[White "Palka, Dominika"]
[Black "Sawicki, Wojciech"]
[Result "0-1"]
[WhiteElo "1793"]
[BlackElo "1759"]
[PlyCount "102"]
[EventDate "2011.09.20"]
[EventType "tourn"]
[EventRounds "13"]
[EventCountry "POL"]
[SourceTitle "EXT 2014"]
[Source "ChessBase"]
[SourceDate "2013.11.20"]
[SourceVersion "1"]
[SourceVersionDate "2013.11.20"]
[SourceQuality "1"]

1. d4 Nf6 2. c4 g6 3. Nc3 Bg7 4. e4 d6 5. Nf3 0-0 6. Be2 e5 7. 0-0 Nc6 8. d5 Ne7 9. Ne1 Nd7 10. Be3 f5 11. f3 f4 12. Bf2 g5 13. b4 Nf6 14. Nd3 Ng6 15. c5 Rf7 16. Nb2 Bf8 17. Nc4 h5 18. Rc1 g4 19. cxd6 cxd6 20. Nb5 gxf3 21. Bxf3 Ng4 22. Bxa7 Bd7 23. Bb6 Qh4 24. h3 Bxb5 25. hxg4 hxg4 26. Bxg4 Rg7 27. Be6+ Kh8 28. Rf3 Qg5 29. Rf2 Nh4 30. Bh3 Be7 31. Na5 f3 32. Qd2 Qxd2 33. Rxd2 Bg5 34. Rdc2 Bxc1 35. Rxc1 fxg2 36. Rc3 Rf8 37. Bf5 Nxf5 38. Rf3 Bf1 39. exf5 Rc8 40. f6 Rf7 41. Rh3+ Kg8 42. Rg3+ Kh7 43. Rf3 Kg6 44. Be3 Rxf6 45. Rg3+ Kf7 46. Nxb7 Rh8 47. Rxg2 Bxg2 48. Kxg2 Rg8+ 49. Kh1 Ke7 50. a4 Rf3 51. Bg1 Rf1 0-1

[Event "Warsaw YMCA 98th Autumn-C"]
[Site "Warsaw"]
[Date "2011.12.06"]
[Round "11"]
[White "Krzyzanowski, Antoni"]
[Black "Palka, Dominika"]
[Result "1-0"]
[WhiteElo "1743"]
[BlackElo "1793"]
[PlyCount "57"]
[EventDate "2011.09.20"]
[EventType "tourn"]
[EventRounds "13"]
[EventCountry "POL"]
[SourceTitle "EXT 2014"]
[Source "ChessBase"]
[SourceDate "2013.11.20"]
[SourceVersion "1"]
[SourceVersionDate "2013.11.20"]
[SourceQuality "1"]

1. e4 e5 2. Nf3 Nc6 3. Bc4 Nf6 4. Ng5 d5 5. exd5 Na5 6. Bb5+ c6 7. dxc6 bxc6 8. Be2 h6 9. Nf3 e4 10. Ne5 Qd4 11. f4 g5 12. c3 Qb6 13. b4 Nb7 14. d4 gxf4 15. Bxf4 Nd5 16. 0-0 Be6 17. a4 a5 18. Nxc6 axb4 19. cxb4 Qxc6 20. Bb5 Qxb5 21. axb5 Rxa1 22. Qc2 Nxf4 23. Qc6+ Kd8 24. Qxb7 Ne2+ 25. Kh1 Nc3 26. Qb6+ Ke8 27. Qc6+ Bd7 28. Qxc3 Bxb5 29. Re1 1-0

[Event "Warsaw YMCA 98th Autumn-C"]
[Site "Warsaw"]
[Date "2011.11.29"]
[Round "10"]
[White "Palka, Dominika"]
[Black "Chomczyk, Marek"]
[Result "0-1"]
[WhiteElo "1793"]
[BlackElo "1727"]
[PlyCount "51"]
[EventDate "2011.09.20"]
[EventType "tourn"]
[EventRounds "13"]
[EventCountry "POL"]
[SourceTitle "EXT 2014"]
[Source "ChessBase"]
[SourceDate "2013.11.20"]
[SourceVersion "1"]
[SourceVersionDate "2013.11.20"]
[SourceQuality "1"]

1. d4 d5 2. c4 e6 3. Nc3 Nf6 4. cxd5 exd5 5. Bg5 Be7 6. e3 0-0 7. Bd3 h6 8. Bh4 c6 9. Nge2 Re8 10. 0-0 Nbd7 11. f3 c5 12. Rc1 a6 13. Bb1 c4 14. Qc2 g6 15. e4 dxe4 16. fxe4 b5 17. e5 Ng4 18. e6 f5 19. exd7 Qxd7 20. Bf2 Bg5 21. Rce1 Nxf2 22. Rxf2 Be3 23. Ref1 Bxf2+ 24. Rxf2 Bb7 25. Qd2 b4 26. Nd1 0-1

[Event "Warsaw YMCA 98th Autumn-C"]
[Site "Warsaw"]
[Date "2011.11.15"]
[Round "8"]
[White "Palka, Dominika"]
[Black "Koziol, Pawel"]
[Result "1-0"]
[WhiteElo "1793"]
[BlackElo "1809"]
[PlyCount "55"]
[EventDate "2011.09.20"]
[EventType "tourn"]
[EventRounds "13"]
[EventCountry "POL"]
[SourceTitle "EXT 2014"]
[Source "ChessBase"]
[SourceDate "2013.11.20"]
[SourceVersion "1"]
[SourceVersionDate "2013.11.20"]
[SourceQuality "1"]

1. d4 Nf6 2. c4 e6 3. Nc3 d5 4. cxd5 exd5 5. Bg5 c6 6. e3 Bd6 7. Bd3 h6 8. Bh4 Nbd7 9. Nf3 0-0 10. 0-0 Re8 11. Rc1 Nf8 12. Qb3 b6 13. Bxf6 Qxf6 14. e4 Qg6 15. Nxd5 Bh3 16. Ne3 Bf4 17. e5 Qh5 18. Be4 Be6 19. Qd1 g5 20. g3 Bh3 21. Re1 Rad8 22. gxf4 gxf4 23. Ng2 Bxg2 24. Kxg2 f5 25. Bxc6 Re7 26. Rg1 Rg7+ 27. Kf1 Ng6 28. Ke1 1-0

[Event "Warsaw YMCA Spring-C 91st"]
[Site "Warsaw"]
[Date "2011.06.15"]
[Round "11"]
[White "Palka, Dominika"]
[Black "Wrabel, Antoni"]
[Result "1/2-1/2"]
[WhiteElo "1766"]
[BlackElo "1751"]
[PlyCount "56"]
[EventDate "2011.04.06"]
[EventType "tourn"]
[EventRounds "13"]
[EventCountry "POL"]
[SourceTitle "EXT 2019"]
[Source "ChessBase"]
[SourceDate "2018.10.10"]
[SourceVersion "1"]
[SourceVersionDate "2018.10.10"]
[SourceQuality "1"]

1. d4 Nf6 2. c4 e6 3. Nc3 Bb4 4. e3 c5 5. a3 Ba5 6. d5 Ne4 7. Qc2 Nxc3 8. bxc3 0-0 9. Nf3 Qf6 10. Bd2 d6 11. Bd3 h6 12. 0-0 Nd7 13. Rab1 Bc7 14. a4 b6 15. e4 e5 16. Ne1 g5 17. Qd1 Qg7 18. Nc2 Nf6 19. Ne3 Bd7 20. Bc2 Rab8 21. Nf5 Bxf5 22. exf5 Rfe8 23. Re1 Re7 24. Be4 Bd8 25. Qf3 Reb7 26. Qg3 a6 27. Qd3 Ne8 28. Qe2 Nf6 1/2-1/2

[Event "Warsaw-ch opB 64th"]
[Site "Warsaw"]
[Date "2011.05.15"]
[Round "9"]
[White "Lasota, Adam"]
[Black "Palka, Dominika"]
[Result "1-0"]
[WhiteElo "1844"]
[BlackElo "1745"]
[PlyCount "115"]
[EventDate "2011.05.07"]
[EventType "swiss"]
[EventRounds "9"]
[EventCountry "POL"]
[SourceTitle "EXT 2012"]
[Source "ChessBase"]
[SourceDate "2011.11.24"]
[SourceVersion "1"]
[SourceVersionDate "2011.11.24"]
[SourceQuality "1"]

1. d4 Nf6 2. Nf3 g6 3. Bf4 Bg7 4. e3 d6 5. h3 0-0 6. Be2 Nbd7 7. c3 b6 8. Nbd2 Bb7 9. 0-0 c5 10. a4 Ne4 11. Nxe4 Bxe4 12. Nd2 Bb7 13. Bg3 Qc7 14. Qb3 Kh8 15. d5 Rae8 16. Bb5 a6 17. Bxd7 Qxd7 18. Qxb6 Bxd5 19. Qxa6 Bb7 20. Qb5 Bc6 21. Qc4 Qb7 22. Qb3 Bxg2 23. Qxb7 Bxb7 24. Rfc1 Ra8 25. Ra3 Bc6 26. b3 Rfb8 27. Kf1 Bf6 28. Ke2 Kg7 29. e4 Bd7 30. h4 Kh6 31. Nc4 Be6 32. Kd3 Kh5 33. a5 Rb5 34. Rh1 Bxc4+ 35. Kxc4 Rbxa5 36. Rxa5 Rxa5 37. b4 Ra3 38. Rc1 cxb4 39. cxb4 Ra8 40. Rb1 Kg4 41. b5 Rc8+ 42. Kd3 Rc3+ 43. Kd2 Rc7 44. b6 Rb7 45. Kd3 Be5 46. Bxe5 dxe5 47. Kc4 h5 48. Kd5 g5 49. hxg5 h4 50. Kc6 Rb8 51. Kc7 Rh8 52. b7 Kf3 53. b8Q Rxb8 54. Rxb8 h3 55. Kd7 Kxf2 56. Kxe7 h2 57. Rh8 Kg2 58. Kxf7 1-0

[Event "Warsaw-ch opB 64th"]
[Site "Warsaw"]
[Date "2011.05.11"]
[Round "5"]
[White "Borowski, Marek"]
[Black "Palka, Dominika"]
[Result "0-1"]
[WhiteElo "1566"]
[BlackElo "1745"]
[PlyCount "102"]
[EventDate "2011.05.07"]
[EventType "swiss"]
[EventRounds "9"]
[EventCountry "POL"]
[SourceTitle "EXT 2012"]
[Source "ChessBase"]
[SourceDate "2011.11.24"]
[SourceVersion "1"]
[SourceVersionDate "2011.11.24"]
[SourceQuality "1"]

1. d4 Nf6 2. Nf3 g6 3. c4 Bg7 4. Nc3 d6 5. e4 0-0 6. Be2 Nbd7 7. 0-0 e5 8. Be3 a5 9. dxe5 dxe5 10. Qc2 c6 11. Rfd1 Qe7 12. h3 Nc5 13. a4 Nh5 14. Ne1 Nf4 15. Bf1 f5 16. Bxc5 Qxc5 17. Nd3 Nxd3 18. Qxd3 Qb6 19. Qc2 fxe4 20. Nxe4 Bf5 21. Bd3 c5 22. Nc3 Bxd3 23. Rxd3 e4 24. Nxe4 Qxb2 25. Qxb2 Bxb2 26. Rb1 Bd4 27. Rf3 Rae8 28. Rxf8+ Kxf8 29. Ng3 Re7 30. Kf1 Bc3 31. f3 Rd7 32. Ne4 Bb4 33. Ke2 Rd4 34. Rc1 Ke7 35. Rc2 h6 36. h4 Ke6 37. g4 h5 38. g5 Ke5 39. Ke3 b6 40. f4+ Kf5 41. Ng3+ Kg4 42. Ne2 Rd8 43. Ke4 Re8+ 44. Kd5 Kxh4 45. Nc1 Kg4 46. Nd3 Kf5 47. Nxb4 axb4 48. Rf2 h4 49. a5 bxa5 50. Kxc5 b3 51. Kb5 Rb8+ 0-1

[Event "Warsaw-ch opB 64th"]
[Site "Warsaw"]
[Date "2011.05.10"]
[Round "4"]
[White "Palka, Dominika"]
[Black "Mincewicz, Tomasz"]
[Result "1-0"]
[WhiteElo "1745"]
[BlackElo "1386"]
[PlyCount "109"]
[EventDate "2011.05.07"]
[EventType "swiss"]
[EventRounds "9"]
[EventCountry "POL"]
[SourceTitle "EXT 2012"]
[Source "ChessBase"]
[SourceDate "2011.11.24"]
[SourceVersion "1"]
[SourceVersionDate "2011.11.24"]
[SourceQuality "1"]

1. d4 Nf6 2. Bg5 g6 3. Bxf6 exf6 4. Nf3 Bg7 5. e3 d5 6. c4 dxc4 7. Bxc4 0-0 8. 0-0 Bg4 9. h3 Bxf3 10. Qxf3 Nc6 11. Nc3 Na5 12. Be2 f5 13. Rac1 Nc6 14. Bb5 Na5 15. b4 a6 16. bxa5 axb5 17. Qxb7 Rxa5 18. Nxb5 Rxa2 19. Qxc7 Qxc7 20. Rxc7 Rd8 21. g3 Rb2 22. Nc3 h5 23. Ra1 Rc2 24. Raa7 Rf8 25. h4 Bh6 26. Kf1 g5 27. Nd5 Rxc7 28. Rxc7 Kg7 29. Ne7 Kf6 30. Rc6+ Kxe7 31. Rxh6 gxh4 32. gxh4 f6 33. Rxh5 Ke6 34. Ke2 Rg8 35. Kf3 Rg4 36. d5+ Kd6 37. Rxf5 Rxh4 38. Rxf6+ Kxd5 39. Rf4 Rh1 40. Kg4 Ke5 41. Ra4 Rg1+ 42. Kf3 Rg8 43. Ra5+ Ke6 44. Ke4 Kd6 45. f4 Re8+ 46. Kd4 Kc6 47. e4 Rh8 48. f5 Rh4 49. Ke5 Kd7 50. Ra6 Rh5 51. Ra7+ Ke8 52. Ke6 Kf8 53. f6 Kg8 54. Ra8+ Kh7 55. f7 1-0

[Event "Ostrava Konik op-B"]
[Site "Ostrava"]
[Date "2011.05.04"]
[Round "5"]
[White "Palka, Dominika"]
[Black "Hradsky, Ales"]
[Result "1/2-1/2"]
[WhiteElo "1766"]
[BlackElo "1836"]
[PlyCount "93"]
[EventDate "2011.04.30"]
[EventType "swiss"]
[EventRounds "9"]
[EventCountry "CZE"]
[SourceTitle "CBM 142 Extra"]
[Source "ChessBase"]
[SourceDate "2011.06.27"]
[SourceVersion "1"]
[SourceVersionDate "2011.06.27"]
[SourceQuality "1"]

1. d4 d5 2. c4 e6 3. Nc3 Nf6 4. cxd5 exd5 5. Bg5 Be7 6. Qc2 c6 7. e3 Nbd7 8. Bd3 h6 9. Bh4 0-0 10. Nf3 Kh8 11. 0-0 Ne8 12. Bg3 Nd6 13. b4 Nb6 14. Ne5 Ndc4 15. Bxc4 Nxc4 16. Nxc4 dxc4 17. b5 Bd7 18. bxc6 Bxc6 19. d5 Bd7 20. Rab1 b6 21. d6 Bh4 22. Bf4 f5 23. Nd5 b5 24. Nc7 Rb8 25. a4 bxa4 26. Qxc4 Bf6 27. Qd5 a3 28. Be5 a2 29. Ra1 Bxe5 30. Qxe5 Qf6 31. Qxf6 Rxf6 32. Rxa2 Rxd6 33. Rxa7 Rb2 34. Ra8+ Kh7 35. Rd8 Rdd2 36. h3 Kg6 37. Na6 Bb5 38. Rxd2 Rxd2 39. Ra1 Kh5 40. Ra5 Bxa6 41. Rxa6 Rd5 42. Kh2 g5 43. Ra4 Re5 44. g4+ fxg4 45. hxg4+ Kh4 46. Kg2 Re6 47. Rd4 1/2-1/2

[Event "POL-ch U18 Girls"]
[Site "Murzasichle"]
[Date "2011.03.11"]
[Round "8"]
[White "Palka, Dominika"]
[Black "Wolniaczyk, Daria"]
[Result "1-0"]
[WhiteElo "1766"]
[BlackElo "1669"]
[PlyCount "74"]
[EventDate "2011.03.05"]
[EventType "swiss"]
[EventRounds "9"]
[EventCountry "POL"]
[SourceTitle "EXT 2012"]
[Source "ChessBase"]
[SourceDate "2011.11.24"]
[SourceVersion "1"]
[SourceVersionDate "2011.11.24"]
[SourceQuality "1"]

1. b3 e5 2. Bb2 Nc6 3. e3 a6 4. Nf3 d6 5. d4 exd4 6. Nxd4 Nxd4 7. Qxd4 Nf6 8. Bd3 Be6 9. Qh4 Be7 10. Qg5 g6 11. Qg3 Bf8 12. Qf3 Bg7 13. Nd2 Rb8 14. Ne4 Nh5 15. Bxg7 Nxg7 16. Nf6+ Ke7 17. e4 c6 18. 0-0 Ne8 19. Ng4 h5 20. Ne3 Nf6 21. Rad1 Qc7 22. Qg3 h4 23. Qf4 Rbg8 24. Be2 Nh5 25. Bxh5 Rxh5 26. Rd2 f6 27. Rfd1 Rd8 28. Ng4 Bxg4 29. Qxg4 Qd7 30. Qxg6 Rg5 31. Qh7+ Ke6 32. Qxh4 Qc7 33. Rd3 Rd7 34. Qf4 Ra5 35. Rf3 Rf7 36. a4 Rc5 37. h4 Qa5 1-0